[Event "St Petersburg-ch sf"]
[Site "St Petersburg"]
[Date "2013.01.28"]
[Round "3"]
[White "Lagashin, Pavel"]
[Black "Reznik, Vladimir"]
[Result "0-1"]
[WhiteElo "2086"]
[BlackElo "2105"]
[PlyCount "94"]
[EventDate "2013.01.26"]
[EventType "swiss"]
[EventRounds "9"]
[EventCountry "RUS"]
[SourceTitle "CBM 152 Extra"]
[Source "ChessBase"]
[SourceDate "2013.02.25"]
[SourceVersion "1"]
[SourceVersionDate "2013.02.25"]
[SourceQuality "1"]

1. d4 d5 2. c4 e6 3. Nc3 Nf6 4. Nf3 Nbd7 5. Bf4 c6 6. e3 Be7 7. h3 b6 8. cxd5 Nxd5 9. Nxd5 cxd5 10. Bb5 Bb4+ 11. Kf1 0-0 12. Qa4 a5 13. a3 Be7 14. Kg1 Nf6 15. Rc1 Bd6 16. Bxd6 Qxd6 17. Ne5 Bb7 18. Bc6 Rac8 19. Kh2 Ba6 20. f4 Rc7 21. b4 Bc8 22. bxa5 Ra7 23. Qb4 Qxb4 24. axb4 bxa5 25. b5 Ne4 26. b6 Re7 27. Ra1 f6 28. Nd3 Bb7 29. Bxb7 Rxb7 30. Rhb1 Rfb8 31. Rxa5 Rxb6 32. Rxb6 Rxb6 33. f5 exf5 34. Rxd5 Rb3 35. Nf4 Rxe3 36. Rd8+ Kf7 37. Rd7+ Kg8 38. Ne6 g5 39. d5 Rd3 40. Rg7+ Kh8 41. Rd7 h5 42. Nc7 h4 43. Ne8 Rd1 44. g4 hxg3+ 45. Kg2 Rd2+ 46. Kg1 f4 47. d6 f3 0-1

[Event "St Petersburg Spring op"]
[Site "St Petersburg"]
[Date "2011.03.29"]
[Round "7"]
[White "Fedoseeva, Valentina"]
[Black "Reznik, Vladimir"]
[Result "0-1"]
[WhiteElo "1834"]
[BlackElo "2162"]
[PlyCount "98"]
[EventDate "2011.03.23"]
[EventType "swiss"]
[EventRounds "9"]
[EventCountry "RUS"]
[SourceTitle "CBM 141 Extra"]
[Source "ChessBase"]
[SourceDate "2011.05.03"]
[SourceVersion "1"]
[SourceVersionDate "2011.05.03"]
[SourceQuality "1"]

1. e4 e5 2. Nf3 Nc6 3. Bc4 Bc5 4. c3 Nf6 5. d4 exd4 6. e5 d5 7. Bb5 Ne4 8. cxd4 Bb4+ 9. Nbd2 0-0 10. 0-0 Nxd2 11. Bxd2 Bxd2 12. Qxd2 Ne7 13. Bd3 Ng6 14. Qc2 Bg4 15. Ne1 c6 16. f4 Qb6 17. Qf2 f5 18. h3 Bh5 19. Kh1 Rf7 20. Rc1 Nf8 21. Bxf5 Rxf5 22. g4 Rf7 23. gxh5 Ne6 24. Nd3 Qxd4 25. Qxd4 Nxd4 26. Rf2 Raf8 27. Rcf1 Rf5 28. h6 g6 29. Nc5 R8f7 30. Kh2 b6 31. Nd3 c5 32. b3 Kf8 33. Kg3 Ke7 34. Ne1 Ke6 35. Ng2 Rh5 36. Ne3 Nf5+ 37. Nxf5 Rhxf5 38. h4 d4 39. Rf3 Rc7 40. Rd1 Rf8 41. Kg4 Rd7 42. Rfd3 Rfd8 43. R1d2 b5 44. Kf3 c4 45. bxc4 bxc4 46. Ra3 c3 47. Rc2 d3 48. Ra6+ Ke7 49. f5 dxc2 0-1

[Event "St Petersburg Spring op"]
[Site "St Petersburg"]
[Date "2011.03.27"]
[Round "5"]
[White "Reznik, Vladimir"]
[Black "Eltsov, Valery"]
[Result "1-0"]
[WhiteElo "2162"]
[BlackElo "2098"]
[PlyCount "74"]
[EventDate "2011.03.23"]
[EventType "swiss"]
[EventRounds "9"]
[EventCountry "RUS"]
[SourceTitle "CBM 141 Extra"]
[Source "ChessBase"]
[SourceDate "2011.05.03"]
[SourceVersion "1"]
[SourceVersionDate "2011.05.03"]
[SourceQuality "1"]

1. d4 d5 2. c4 e6 3. Nc3 f5 4. Bf4 c6 5. e3 Nf6 6. Bd3 Bd6 7. Bxd6 Qxd6 8. Nf3 0-0 9. 0-0 Nbd7 10. Qc2 Ne4 11. a3 Kh8 12. b4 Nxc3 13. Qxc3 dxc4 14. Bxc4 Nb6 15. Ne5 Nd5 16. Bxd5 exd5 17. f4 Bd7 18. Qc5 Qe6 19. Rfc1 Rfc8 20. Qc3 Kg8 21. Qd2 Be8 22. Rc3 Rd8 23. Rac1 a6 24. h3 h6 25. Qf2 Qf6 26. Kh2 Qe7 27. Rg1 Rac8 28. g4 fxg4 29. Rxg4 Bd7 30. Rg3 Bf5 31. Rc1 Qf6 32. Rcg1 Rc7 33. Qf3 Kh7 34. Qh5 Rd6 35. Ng4 Qf7 36. Qxf7 Rxf7 37. Ne5 Rf8 1-0

[Event "St Petersburg-ch sf"]
[Site "St Petersburg"]
[Date "2010.02.20"]
[Round "8"]
[White "Reznik, Vladimir"]
[Black "Andreev, Konstantin"]
[Result "1/2-1/2"]
[WhiteElo "2158"]
[BlackElo "2259"]
[PlyCount "72"]
[EventDate "2010.02.13"]
[EventType "swiss"]
[EventRounds "9"]
[EventCountry "RUS"]
[SourceTitle "CBM 135 Extra"]
[Source "ChessBase"]
[SourceDate "2010.05.04"]
[SourceVersion "1"]
[SourceVersionDate "2010.05.04"]
[SourceQuality "1"]

1. d4 Nf6 2. c4 c5 3. d5 b5 4. cxb5 a6 5. bxa6 Bxa6 6. Nc3 d6 7. Nf3 g6 8. g3 Bg7 9. Bh3 0-0 10. 0-0 Nbd7 11. Re1 Qc7 12. e4 Rfb8 13. Qc2 h5 14. Bg5 Ng4 15. Bf1 Nde5 16. Nxe5 Nxe5 17. Kg2 Bxf1+ 18. Rxf1 c4 19. a4 Rb3 20. Nb5 Qb7 21. Rfb1 f5 22. Ra3 Nf3 23. Rxb3 cxb3 24. Qc7 Qxc7 25. Nxc7 Rc8 26. Kxf3 Rxc7 27. exf5 gxf5 28. Rc1 Rb7 29. Rc8+ Kf7 30. Bc1 Rb4 31. a5 Ra4 32. Bd2 Bxb2 33. Rb8 Ra3 34. Bb4 Ra2 35. Be1 Ra3 36. Bb4 Ra2 1/2-1/2

[Event "St Petersburg-ch qual"]
[Site "St Petersburg"]
[Date "2006.12.13"]
[Round "8"]
[White "Savinov, Leonid"]
[Black "Reznik, Vladimir"]
[Result "1-0"]
[WhiteElo "2156"]
[BlackElo "2190"]
[PlyCount "167"]
[EventDate "2006.11.27"]
[EventType "swiss"]
[EventRounds "10"]
[EventCountry "RUS"]
[SourceTitle "EXT 2008"]
[Source "ChessBase"]
[SourceDate "2007.11.25"]
[SourceVersion "1"]
[SourceVersionDate "2007.11.25"]
[SourceQuality "1"]

1. d4 d5 2. c4 e6 3. Nf3 Nf6 4. g3 Be7 5. Bg2 0-0 6. 0-0 Nbd7 7. Qc2 c6 8. Nbd2 b6 9. e4 Nxe4 10. Nxe4 dxe4 11. Qxe4 Bb7 12. Rd1 Rc8 13. Bf4 Ba8 14. c5 Nf6 15. Qc2 Nd5 16. Bd2 Bf6 17. Rac1 Qe7 18. b4 Rfd8 19. h4 Bb7 20. Bf1 Re8 21. Bd3 h6 22. Re1 Qc7 23. Bc4 e5 24. Bxd5 cxd5 25. dxe5 Bxe5 26. Rxe5 Rxe5 27. Bf4 f6 28. Qg6 Kh8 29. c6 Ba6 30. Bxe5 fxe5 31. Qe6 Bc4 32. Nxe5 b5 33. h5 d4 34. Ng6+ Kh7 35. Qf5 Re8 36. a4 a6 37. axb5 axb5 38. Ne5+ Kg8 39. Nxc4 Qxc6 40. Qc5 Qxc5 41. bxc5 bxc4 42. Rxc4 d3 43. Rd4 Rc8 44. Rxd3 Rxc5 45. g4 Rc4 46. f3 Rc2 47. Kf1 Kf7 48. Re3 Kf6 49. Re2 Rc3 50. Kf2 Ra3 51. Kg3 Rb3 52. Rc2 Ra3 53. Rc8 Kf7 54. Rc4 Rb3 55. Kf4 Ra3 56. Rc5 Ra6 57. Rf5+ Ke7 58. Kg3 Ra3 59. Kh4 Ra1 60. Kg3 Ra3 61. Rf4 Ra5 62. Rc4 Ra3 63. Rc7+ Kf6 64. Rc6+ Kf7 65. Rd6 Rb3 66. Kf4 Ra3 67. Ke4 Ra4+ 68. Ke5 Ke7 69. Rd5 Ra6 70. f4 Re6+ 71. Kf5 Rf6+ 72. Ke4 Ra6 73. g5 hxg5 74. fxg5 Ra4+ 75. Kf5 Ra6 76. Rb5 Rc6 77. Rb7+ Kf8 78. g6 Ra6 79. Rb8+ Ke7 80. h6 Rf6+ 81. Ke5 Re6+ 82. Kd5 Rd6+ 83. Kc5 Rxg6 84. h7 1-0

[Event "St Petersburg-ch qual"]
[Site "St Petersburg"]
[Date "2006.11.29"]
[Round "2"]
[White "Gnidenko, Andrey"]
[Black "Reznik, Vladimir"]
[Result "0-1"]
[WhiteElo "2103"]
[BlackElo "2190"]
[PlyCount "132"]
[EventDate "2006.11.27"]
[EventType "swiss"]
[EventRounds "10"]
[EventCountry "RUS"]
[SourceTitle "EXT 2008"]
[Source "ChessBase"]
[SourceDate "2007.11.25"]
[SourceVersion "1"]
[SourceVersionDate "2007.11.25"]
[SourceQuality "1"]

1. d4 d5 2. c4 e6 3. Nc3 Nf6 4. cxd5 exd5 5. Bg5 Nbd7 6. e3 Be7 7. Bd3 0-0 8. Nge2 Re8 9. 0-0 c6 10. Ng3 Nf8 11. Qc2 Ng4 12. Bxe7 Qxe7 13. h3 Nf6 14. Rab1 Ng6 15. b4 Nh4 16. b5 Qe6 17. bxc6 bxc6 18. Rfc1 g6 19. Nce2 Bd7 20. Nf4 Qd6 21. Qc5 Qxc5 22. Rxc5 Rab8 23. Ra5 Rxb1+ 24. Bxb1 Rb8 25. Bc2 Rb7 26. Nd3 Kf8 27. Ba4 Rc7 28. Ne5 Be8 29. Ra6 Nd7 30. Nxd7+ Bxd7 31. Ne2 Ke7 32. Nf4 Nf5 33. Nd3 f6 34. Nb4 Kd6 35. Kf1 Ne7 36. Ke2 Bc8 37. Ra5 Bd7 38. f3 Rb7 39. a3 Nc8 40. Rc5 Ne7 41. Kd3 Rb6 42. e4 dxe4+ 43. fxe4 Rb7 44. Ra5 Nc8 45. e5+ fxe5 46. dxe5+ Kc7 47. Rc5 Ne7 48. Kd4 Kb6 49. Nd3 Bf5 50. Nb2 Rd7+ 51. Kc4 Be6+ 52. Kb4 Nd5+ 53. Rxd5 Bxd5 54. Nc4+ Kc7 55. Ne3 Re7 56. Nxd5+ cxd5 57. Kc5 Rxe5 58. Bc6 Re3 59. Bxd5 Rxa3 60. h4 Ra5+ 61. Kd4 Kd6 62. Bg8 Ra4+ 63. Bc4 h6 64. Kc3 Kc5 65. Bf7 Rxh4 66. Bxg6 Rg4 0-1